El huevo de la serpiente = The serpentïs egg (Registro nro. 54408)
[ vista simple ]
| 000 -CABECERA | |
|---|---|
| campo de control de longitud fija | 01506ngm a22003370a 4500 |
| 001 - NÚMERO DE CONTROL | |
| campo de control | PT16713 |
| 003 - IDENTIFICADOR DEL NÚMERO DE CONTROL | |
| campo de control | AR-LpoUNG |
| 005 - FECHA Y HORA DE LA ÚLTIMA TRANSACCIÓN | |
| campo de control | 20210202000233.0 |
| 007 - CAMPO FIJO DE DESCRIPCIÓN FÍSICA--INFORMACIÓN GENERAL | |
| campo de control de longitud fija | vd cvaizq |
| 008 - DATOS DE LONGITUD FIJA--INFORMACIÓN GENERAL | |
| campo de control de longitud fija | 191001s1988||||ag |||||||||||||||||spa d |
| 037 ## - FUENTE DE ADQUISICIÓN | |
| Condiciones de disponibilidad | $8.30 |
| 040 ## - FUENTE DE LA CATALOGACIÓN | |
| Centro catalogador/agencia de origen | AR-LpoUNG |
| Lengua de catalogación | spa |
| Centro/agencia transcriptor | AR-LpoUNG |
| Normas de descripción | aacr |
| 041 ## - CÓDIGO DE LENGUA | |
| Código de lengua del texto/banda sonora o título independiente | spa |
| 044 ## - CÓDIGO DEL PAÍS DE LA ENTIDAD EDITORA/PRODUCTORA | |
| Código MARC del país | ag |
| 082 0# - NÚMERO DE LA CLASIFICACIÓN DECIMAL DEWEY | |
| Número de clasificación | 303.387 497hue |
| 100 1# - ENTRADA PRINCIPAL--NOMBRE DE PERSONA | |
| Nombre de persona | Bergman, Ingmar |
| Término indicativo de función/relación | dir. |
| 245 13 - MENCIÓN DE TÍTULO | |
| Título | El huevo de la serpiente = The serpentïs egg |
| 260 ## - PUBLICACIÓN, DISTRIBUCIÓN, ETC. | |
| Lugar de publicación, distribución, etc. | San Luis : |
| Nombre del editor, distribuidor, etc. | Gativideo, |
| Fecha de publicación, distribución, etc. | c1988. |
| 300 ## - DESCRIPCIÓN FÍSICA | |
| Extensión | VHS (110 min.) : son., col. |
| 520 ## - SUMARIO, ETC. | |
| Sumario, etc. | Alemania 1923. Abel, un norteamericano radicado en Alemania, regresa una noche a la habitación de la pensión en que vive y encuentra el cadáver de su hermano. Manuela, su cuñada, después de enterarse del suicidio de su ex marido decide proteger a Abel, a pesar de que apenas puede mantenerse ella con lo que gana en el cabaret. El Dr. Vergerus, amigo de Abel, les ofrece a éste y a Manuela empleo y alojamiento en la clínica que dirige. Un día Abel oye hablar de extraños experimentos con seres humanos. Una asombrosa realidad asomará en su vida, realidad ésta que le tocará tan cerca que su vida estará determinada sólo por su resistencia ante la locura y el crimen. |
| 650 #4 - PUNTO DE ACCESO ADICIONAL DE MATERIA--TÉRMINO DE MATERIA | |
| Término de materia o nombre geográfico como elemento de entrada | ALEMANIA |
| 650 #4 - PUNTO DE ACCESO ADICIONAL DE MATERIA--TÉRMINO DE MATERIA | |
| Término de materia o nombre geográfico como elemento de entrada | ASPECTOS POLITICOS |
| 650 #4 - PUNTO DE ACCESO ADICIONAL DE MATERIA--TÉRMINO DE MATERIA | |
| Término de materia o nombre geográfico como elemento de entrada | CAUSAS DE MUERTE |
| 650 #4 - PUNTO DE ACCESO ADICIONAL DE MATERIA--TÉRMINO DE MATERIA | |
| Término de materia o nombre geográfico como elemento de entrada | DISCRIMINACION |
| 650 #4 - PUNTO DE ACCESO ADICIONAL DE MATERIA--TÉRMINO DE MATERIA | |
| Término de materia o nombre geográfico como elemento de entrada | HISTORIA SOCIAL |
| 650 #4 - PUNTO DE ACCESO ADICIONAL DE MATERIA--TÉRMINO DE MATERIA | |
| Término de materia o nombre geográfico como elemento de entrada | LITERATURA |
| 650 #4 - PUNTO DE ACCESO ADICIONAL DE MATERIA--TÉRMINO DE MATERIA | |
| Término de materia o nombre geográfico como elemento de entrada | MUERTE |
| 653 ## - TÉRMINO DE INDIZACIÓN--NO CONTROLADO | |
| Término no controlado | VIDEOS |
| 905 ## - ELEMENTOS DE DATOS E LOCAL, LDE (RLIN) | |
| a | 16713 |
| 942 ## - ELEMENTOS DE PUNTO DE ACCESO ADICIONAL (KOHA) | |
| Tipo de ítem Koha | Video |
| Estado de retiro | Estado de pérdida | Estado dañado | No para préstamo | Código de colección | Localización permanente | Ubicación/localización actual | Fecha de adquisición | Total de préstamos | Signatura topográfica completa | Código de barras | Fecha visto por última vez | Precio válido a partir de | Tipo de ítem Koha |
|---|---|---|---|---|---|---|---|---|---|---|---|---|---|
| Colección Cine | Biblioteca Universidad Nacional de General Sarmiento | Biblioteca Universidad Nacional de General Sarmiento | 02/02/2021 | 303.387 497hue | 00018367 | 02/02/2021 | 02/02/2021 | Video |